| 000 | 01216nam a22002657a 4500 | ||
|---|---|---|---|
| 001 | 3451 | ||
| 003 | FISKH | ||
| 005 | 20250117152920.0 | ||
| 008 | 240306b cb ||||| |||| 00| 0 eng d | ||
| 020 | _a9789810177225 | ||
| 040 |
_aFISKH _beng _cFISKH _dFISKH |
||
| 050 | _aG128 | ||
| 082 | _a525 | ||
| 100 | _aLi, Lim Hiong | ||
| 245 |
_aEarth our home / _cGeneral Editor Yee Sze Onn ; Authors : Lim Hiong Li and Lau Choon Hoon |
||
| 250 | _a2014 | ||
| 260 |
_aNew industrial : _bMarshall Cavendish, _c2000. |
||
| 300 |
_a190 pages : _bcolor illustrations, maps ; _c28 cm |
||
| 490 |
_a2nd edition _vSecondary 2 |
||
| 520 | _aEarth : our home 2 takes the student on a journey of discovery and has been designed to meet the requirements set by the Singapore Ministry of Education in the revised syllabus. In line with the well-received first edition, we maintain our approach in making Geography engaging and riveting to learn. On top that this second edition is the anchor of our holistic Geography programme comprising a continuum of strategies and tools available for both teachers and student. | ||
| 650 | _aEducation | ||
| 700 |
_aHoon, Lau Choon _eAuthor |
||
| 942 |
_2ddc _cBK _n0 |
||
| 999 |
_c3451 _d3451 |
||